000 00705cam a2200217 4500
001 ABS61346
008 000000n1999 000 0 eng u
035 _a(Sirsi) u100576
100 _aBenyon, L.
245 _aDeals on wheels?
260 _c1999
490 _aProperty Week
_v64(38) 1 October 1999, 34-35(2)
520 _aMulti-dealership auto-parks are emerging as the new viable investment sector. Article considers whether developers can sell the idea to institutional investors.
590 _aABS
650 _aAUTO PARKS
650 _aDEVELOPERS
650 _aJOHN LAING
650 _aPROPERTY MARKET
690 _aPROPERTY-COMMERCIAL PROPERTY-COMMERCIAL PROPERTY MARKET
942 _n0
999 _c60169
_d60169